00472nam a2200169Ia 450000500170000000800410001702000150005808200130007310000170008624500180010326000340012130000130015565000180016894200060018695200950019299900150028720241217025536.0240331s9999 xx 000 0 und d a9555992401 bWIJa823 aWijenaike, P 4aThe unbending aRatmalanabVishva lekhac2001 a129 p ., aShort Stories cL 001040708LaWERCLbWERCLcSSCd2024-03-31l0o 823 WIJp4468r2024-03-31w2024-03-31yL c4356d4356